000 01012nam a2200277 a 4500
001 000028565
003 DO-SdBNP
005 20240521120738.0
008 110411s20102015dr ac 001 0 spa d
020 _a9789945003338
040 _aDO-SdBNP
_bspa
_cBNPHU
082 4 _a929.2
_bC254g
245 0 0 _aCápsulas genealógicas /
_cVictor José Arthur Nouel ... [et al.].
260 _aSanto Domingo :
_bInstituto Dominicano de Genealogía :
_bComisión Permanente de Efemérides Patrias,
_c2010-2015.
300 _av. :
_bil., retrs ;
_c24 cm.
490 1 _aInvestigación genealógica;
_v9;
490 1 _aInvestigación genealógica;
_v10;
500 _aIncluye índice onomástico
590 _aInventariado, 2019/ YL
651 4 _aRepública Dominicana
_xGenealogía
_92157
651 4 _aRepública Dominicana
_vBiografías
_91083
700 1 2 _aArthur Nouel, Victor José
_955522
830 0 _aInvestigación genealógica
_n9
_955523
830 0 _aInvestigación genealógica
_n10
_955524
942 _2ddc
_cLBS1
999 _c28057
_d28057